[Event "Open Sud 2010/2011"]
[Site "Marseille Echecs"]
[Date "2011.01.08"]
[Round "3"]
[White "Ouahhoud, Amine"]
[Black "Cheraki, Roger"]
[Result "1-0"]
[WhiteElo "1460"]
[BlackElo "1630"]
[PlyCount "145"]
[EventDate "2011.??.??"]

1. d4 d5 2. c4 c6 3. Nc3 e6 4. Nf3 Nf6 5. Bg5 Be7 6. e3 Nbd7 7. cxd5 cxd5 8.
Qa4 O-O 9. Bd3 a6 10. O-O Rb8 11. Bxf6 Nxf6 12. Ne5 Qd6 13. Rac1 b5 14. Qc2 Bb7
15. Ne2 Rbc8 16. Qb1 g6 17. Rxc8 Rxc8 18. Rc1 Rxc1+ 19. Qxc1 Nh5 20. Nc3 Qc7
21. Qe1 Bd6 22. Nf3 e5 23. Nxe5 Bxe5 24. dxe5 Qxe5 25. Qd2 Kg7 26. Be2 Nf6 27.
Qd4 Qc7 28. Bf3 Qc4 29. Qxc4 bxc4 30. b3 cxb3 31. axb3 Kf8 32. Kf1 Ke7 33. Ke2
Kd6 34. Kd3 Kc5 35. h3 Nd7 36. b4+ Kxb4 37. Nxd5+ Bxd5 38. Bxd5 a5 39. Kc2 f6
40. Bg8 h6 41. Bh7 g5 42. f4 a4 43. Kb2 a3+ 44. Ka2 Nc5 45. Bc2 Na4 46. Bxa4
Kxa4 47. f5 Kb4 48. e4 Kc5 49. Kxa3 Kd6 50. Kb4 Ke5 51. Kc5 Kxe4 52. g4 Kf4 53.
Kd6 Kg3 54. Ke6 Kxh3 55. Kxf6 Kxg4 56. Kg6 h5 57. f6 h4 58. f7 Kg3 59. f8=Q g4
60. Qa3+ Kg2 61. Qb2+ Kg3 62. Qc3+ Kf4 63. Qd4+ Kg3 64. Qe3+ Kg2 65. Qe2+ Kg3
66. Kg5 h3 67. Qxg4+ Kh2 68. Qe2+ Kg3 69. Qe3+ Kg2 70. Qe4+ Kg3 71. Qh1 h2 72.
Kh5 Kh3 73. Qf3# 1-0

[Event "Open Sud 2010/2011"]
[Site "Marseille Echecs"]
[Date "2011.01.08"]
[Round "3"]
[White "De Albera, Pierre"]
[Black "Avedissian, Andre"]
[Result "0-1"]
[WhiteElo "1410"]
[BlackElo "1540"]
[PlyCount "85"]
[EventDate "2011.??.??"]

1. d4 Nf6 2. Nf3 g6 3. g3 Bg7 4. Bg2 O-O 5. Bg5 d6 6. Qc1 Nbd7 7. Bh6 c6 8.
Bxg7 Kxg7 9. O-O Qc7 10. Nbd2 e5 11. c3 Re8 12. e3 e4 13. Ng5 d5 14. c4 h6 15.
Nh3 Nb6 16. cxd5 Nbxd5 17. a3 Bf5 18. Kh1 Rac8 19. b4 a6 20. Qb2 h5 21. Rac1 h4
22. Rfe1 hxg3 23. fxg3 Qd7 24. Ng1 Ng4 25. Nc4 Rh8 26. h3 Rh7 27. Ne5 Nxe5 28.
dxe5 Qe6 29. Rc2 Rch8 30. Qd4 f6 31. exf6+ Nxf6 32. Rf1 Kf7 33. Rcf2 Ke7 34.
Rxf5 gxf5 35. Qc5+ Kd7 36. Rxf5 Rh5 37. Rxh5 Rxh5 38. Qd4+ Qd6 39. Qc3 b5 40.
g4 Rd5 41. h4 Rd3 42. Qe1 Nxg4 43. Bh3 0-1

[Event "Open Sud 2010/2011"]
[Site "Marseille Echecs"]
[Date "2011.01.08"]
[Round "3"]
[White "Lepretre, Thierry"]
[Black "Parmeggiani, Marilene"]
[Result "0-1"]
[WhiteElo "1080"]
[BlackElo "1499"]
[PlyCount "64"]
[EventDate "2011.??.??"]

1. e4 Nc6 2. Nc3 Nf6 3. Bc4 d5 4. exd5 Bg4 5. f3 Bxf3 6. Qxf3 Nd4 7. Qd3 e5 8.
Nge2 Bc5 9. Ne4 Nxe4 10. Qxe4 f6 11. c3 Nxe2 12. Qxe2 O-O 13. b4 Bd6 14. Ba3
Qe7 15. Qd3 f5 16. O-O e4 17. Qc2 Qe5 18. g3 g6 19. d4 exd3 20. Bxd3 Rae8 21.
Rae1 Qxd5 22. Qf2 f4 23. c4 Qxd3 24. Bc1 fxg3 25. Qg2 gxh2+ 26. Kh1 Qxc4 27.
Bh6 Rxf1+ 28. Rxf1 Qxb4 29. Qd5+ Kh8 30. Qf7 Qe4+ 31. Rf3 Qe1+ 32. Kg2 h1=Q#
0-1

[Event "Open Sud 2010/2011"]
[Site "Marseille Echecs"]
[Date "2011.01.08"]
[Round "3"]
[White "Derobert, Yves"]
[Black "Kaftandjian, Patrick"]
[Result "0-1"]
[WhiteElo "1499"]
[BlackElo "1499"]
[PlyCount "80"]
[EventDate "2011.??.??"]

1. f4 d5 2. Nf3 Nc6 3. e3 a6 4. Be2 Nf6 5. O-O Bf5 6. Qe1 Bxc2 7. Nc3 e6 8. d3
Bd6 9. Qd2 d4 10. Ne4 Nxe4 11. Qxc2 Nb4 12. Qd1 Nf6 13. Nxd4 O-O 14. Qe1 c5 15.
Nf3 Nc2 16. Qd1 Nxa1 17. Bd2 Qc7 18. Qxa1 Ng4 19. h3 Nh6 20. Qe1 Nf5 21. g4 Ne7
22. Qh4 Qb6 23. Bc1 Rac8 24. Ng5 h6 25. Ne4 c4 26. dxc4 Ng6 27. g5 Nxh4 28.
gxh6 gxh6 29. Nf6+ Kh8 30. Nd7 Rg8+ 31. Kh1 Qc7 32. Nf6 Rg7 33. Bd2 Qc6+ 34.
Kh2 Rg2+ 35. Kh1 Rxe2+ 36. e4 Rxd2 37. b3 Be7 38. Rg1 Bxf6 39. Re1 Rg8 40. a4
Qc5 0-1

[Event "Open Sud 2010/2011"]
[Site "Marseille Echecs"]
[Date "2011.01.08"]
[Round "3"]
[White "Druel, Patrice"]
[Black "Ouahhoud, Yassine"]
[Result "0-1"]
[WhiteElo "1290"]
[BlackElo "1430"]
[PlyCount "72"]
[EventDate "2011.??.??"]

1. d4 d5 2. Nf3 e6 3. e3 c5 4. c3 cxd4 5. cxd4 Bb4+ 6. Nbd2 Nf6 7. a3 Qa5 8. b3
Ne4 9. Bd3 O-O 10. O-O f5 11. Bb2 Nxd2 12. Nxd2 Bxd2 13. b4 Bxb4 14. axb4 Qxb4
15. Rb1 Qd6 16. Ra1 Nc6 17. Qd2 Bd7 18. Ba3 Qc7 19. Bxf8 Rxf8 20. Rac1 Rf6 21.
g3 Rh6 22. h4 Qd8 23. Kg2 g5 24. Rh1 g4 25. e4 dxe4 26. Qxh6 exd3 27. d5 Ne7
28. Qg5+ Kf8 29. Qf6+ Kg8 30. dxe6 Bc6+ 31. Rxc6 bxc6 32. Qf7+ Kh8 33. Qf6+ Kg8
34. h5 Qd5+ 35. f3 Qxf3+ 36. Kh2 Qf2# 0-1

[Event "Open Sud 2010/2011"]
[Site "Marseille Echecs"]
[Date "2011.01.08"]
[Round "4"]
[White "Danielian, Kevin"]
[Black "Panagiotopoulos, Christos"]
[Result "0-1"]
[WhiteElo "1290"]
[BlackElo "1680"]
[PlyCount "56"]
[EventDate "2011.??.??"]

1. d4 g6 2. e4 d6 3. Nf3 Bg7 4. Bc4 Nf6 5. Nc3 O-O 6. O-O Nxe4 7. Nxe4 d5 8.
Bxd5 Qxd5 9. Nc3 Qh5 10. Bf4 c6 11. Re1 Re8 12. Ne4 Be6 13. Nc5 Bd5 14. Nxb7
Nd7 15. b3 Bxf3 16. gxf3 Qb5 17. Nc5 Nxc5 18. dxc5 Rad8 19. c4 Rxd1 20. cxb5
Rxa1 21. Rxa1 Bxa1 22. bxc6 Rc8 23. c7 e5 24. Be3 a6 25. f4 Rxc7 26. fxe5 Bxe5
27. f4 Bc3 28. Kf2 Bb4 0-1

[Event "Open Sud 2010/2011"]
[Site "Marseille Echecs"]
[Date "2011.01.08"]
[Round "4"]
[White "Bossy, Romain"]
[Black "Moulin, Gerard"]
[Result "0-1"]
[WhiteElo "1630"]
[BlackElo "1460"]
[PlyCount "106"]
[EventDate "2011.??.??"]

1. e4 d6 2. d4 Nf6 3. Nc3 g6 4. f4 Bg7 5. e5 Nfd7 6. Nf3 O-O 7. Ng5 c5 8. e6
Nf6 9. Nxf7 Qa5 10. d5 Nxd5 11. Qxd5 Bxc3+ 12. Bd2 Bxd2+ 13. Qxd2 Qxd2+ 14.
Kxd2 Bxe6 15. Ng5 Bd5 16. c4 Bc6 17. Ne6 Rc8 18. h4 Bd7 19. Ng5 h6 20. Nf3 Bg4
21. Bd3 Kg7 22. Nh2 Bf5 23. g4 Bxd3 24. Kxd3 Nd7 25. Nf3 Rf8 26. g5 Rxf4 27.
gxh6+ Kxh6 28. Ng5 Ne5+ 29. Ke3 Raf8 30. Ne6 Rf3+ 31. Ke4 R8f6 32. Ng5 R3f4+
33. Ke3 Nxc4+ 34. Kd3 Ne5+ 35. Ke3 Ng4+ 36. Kd2 e6 37. Rae1 Nf2 38. Rhf1 e5 39.
Re2 Kh5 40. Ke1 Nd3+ 41. Kd2 Rxf1 42. Kxd3 Kxh4 43. Ne4 R1f3+ 44. Kc4 R6f4 45.
Kd5 Rd3+ 46. Ke6 Rdf3 47. Kxd6 c4 48. Kxe5 g5 49. Kd4 g4 50. Ke5 g3 51. Nd2 Rf2
52. Nxc4 Rxe2+ 53. Kxf4 g2 0-1

[Event "Open Sud 2010/2011"]
[Site "Marseille Echecs"]
[Date "2011.01.08"]
[Round "4"]
[White "Tchifteyan, Philippe"]
[Black "Parmeggiani, Marilene"]
[Result "1-0"]
[WhiteElo "1669"]
[BlackElo "1499"]
[PlyCount "35"]
[EventDate "2011.??.??"]

1. d4 Nf6 2. c4 e6 3. Nc3 d5 4. e3 h6 5. Qc2 Bd7 6. a3 Bd6 7. c5 Bxc5 8. dxc5
O-O 9. Nf3 Bc6 10. b4 a6 11. Bb2 d4 12. Nxd4 Be4 13. Nxe4 e5 14. Nxf6+ gxf6 15.
Nf5 Re8 16. Nxh6+ Kf8 17. Qh7 Ke7 18. Qxf7# 1-0

[Event "Open Sud 2010/2011"]
[Site "Marseille Echecs"]
[Date "2011.01.08"]
[Round "4"]
[White "Avedissian, Andre"]
[Black "Ouahhoud, Amine"]
[Result "0-1"]
[WhiteElo "1540"]
[BlackElo "1460"]
[PlyCount "102"]
[EventDate "2011.??.??"]

1. e4 e6 2. d4 d5 3. e5 c5 4. c3 Nc6 5. Nf3 Qb6 6. b3 Be7 7. Be3 Nh6 8. Bd3 Nf5
9. Bxf5 exf5 10. O-O O-O 11. Nbd2 Re8 12. c4 Be6 13. Ng5 Rad8 14. Ndf3 dxc4 15.
Nxe6 fxe6 16. bxc4 cxd4 17. Bg5 Bxg5 18. Nxg5 h6 19. Nf3 Qc5 20. Rc1 Nxe5 21.
Nxe5 Qxe5 22. f4 Qe3+ 23. Kh1 d3 24. Rf3 Qe2 25. Kg1 Qxd1+ 26. Rxd1 d2 27. Rf2
Rd4 28. Rdxd2 Rxc4 29. g3 b5 30. Rd7 a5 31. Ra7 a4 32. Rd2 Kh8 33. Rdd7 Rg8 34.
Rdb7 Rb4 35. Ra5 Rb1+ 36. Kg2 Rb2+ 37. Kh3 Rxa2 38. Raxb5 a3 39. Ra5 Re8 40.
Rb3 Rb2 41. Raxa3 Rxb3 42. Rxb3 e5 43. Rb5 e4 44. Kg2 e3 45. Re5 Rxe5 46. fxe5
Kg8 47. Kf3 Kf7 48. Kxe3 Ke6 49. Kd4 g5 50. h3 h5 51. h4 g4 0-1

[Event "Open Sud 2010/2011"]
[Site "Marseille Echecs"]
[Date "2011.01.08"]
[Round "4"]
[White "Mohammed, Gibran"]
[Black "Andrieu, Luc"]
[Result "1-0"]
[WhiteElo "1410"]
[BlackElo "1499"]
[PlyCount "27"]
[EventDate "2011.??.??"]

1. e4 Nf6 2. Nc3 e5 3. Bc4 Nc6 4. Nf3 Nxe4 5. Nxe4 d5 6. Bd3 dxe4 7. Bxe4 Bd6
8. O-O O-O 9. d3 Rb8 10. Ng5 f5 11. Bd5+ Kh8 12. Qh5 h6 13. Qg6 hxg5 14. Qh5#
1-0

[Event "Open Sud 2010/2011"]
[Site "Marseille Echecs"]
[Date "2011.01.08"]
[Round "4"]
[White "Kaftandjian, Patrick"]
[Black "Deregnaucourt, Yves"]
[Result "0-1"]
[WhiteElo "1499"]
[BlackElo "1756"]
[PlyCount "58"]
[EventDate "2011.??.??"]

1. d4 Nf6 2. Nf3 c5 3. e3 cxd4 4. Nxd4 d5 5. b3 e5 6. Nf3 Nc6 7. Bb5 Bd6 8. Bb2
Qe7 9. Nbd2 O-O 10. O-O Bg4 11. Be2 Rac8 12. c4 Bxf3 13. Bxf3 e4 14. Bxf6 Qxf6
15. Bg4 Qh6 16. g3 f5 17. Bh5 Bb4 18. Be2 Rf6 19. a3 Qh3 20. Re1 Bxd2 21. Bf1
Qh6 22. Qxd2 Rd8 23. cxd5 Ne5 24. Bg2 Rfd6 25. Qa2 Kh8 26. Rac1 Nd3 27. Rc7
Nxe1 28. Bh1 Nf3+ 29. Kf1 Rxd5 0-1

[Event "Open Sud 2010/2011"]
[Site "Marseille Echecs"]
[Date "2011.01.08"]
[Round "4"]
[White "Derige, Yan"]
[Black "Fenoul, Julien"]
[Result "1/2-1/2"]
[WhiteElo "1420"]
[BlackElo "1710"]
[PlyCount "64"]
[EventDate "2011.??.??"]

1. d4 d5 2. c4 dxc4 3. Nc3 c6 4. Nf3 Nf6 5. Bf4 Nd5 6. Bg3 e6 7. e4 Nxc3 8.
bxc3 b5 9. Be2 Qa5 10. Qc2 b4 11. O-O Ba6 12. cxb4 Bxb4 13. Rab1 O-O 14. Bxc4
Bxc4 15. Qxc4 Na6 16. Qc1 c5 17. dxc5 Nxc5 18. Qf4 Nd3 19. Qg4 Be7 20. Rfd1
Rfd8 21. Ne1 Nxe1 22. Rxe1 Qxa2 23. Bf4 Rd7 24. Bh6 Bf8 25. h3 Rad8 26. Rb5 Qc4
27. Reb1 f5 28. exf5 Qxg4 29. hxg4 Rd1+ 30. Rxd1 Rxd1+ 31. Kh2 gxh6 32. fxe6
Re1 1/2-1/2

[Event "Open Sud 2010/2011"]
[Site "Marseille Echecs"]
[Date "2011.01.08"]
[Round "4"]
[White "Cheraki, Roger"]
[Black "De Albera, Pierre"]
[Result "1-0"]
[WhiteElo "1630"]
[BlackElo "1410"]
[PlyCount "58"]
[EventDate "2011.??.??"]

1. d4 c6 2. c4 d5 3. cxd5 cxd5 4. Nc3 Bg4 5. h3 Be6 6. Nf3 Nf6 7. Bf4 Bd7 8. e3
e6 9. a3 Be7 10. Rc1 O-O 11. Ne5 Nc6 12. Bd3 Rc8 13. O-O Qe8 14. b4 a6 15. Na4
Nxe5 16. Bxe5 Bxa4 17. Rxc8 Qxc8 18. Qxa4 Qc3 19. Rd1 Nd7 20. Qxd7 Bg5 21. Qxb7
Qb3 22. Rd2 Qc3 23. Rd1 Qb3 24. Be2 f6 25. Bd6 Rd8 26. Qe7 f5 27. Qxe6+ Kh8 28.
Qxf5 Bf6 29. Be5 Rf8 1-0

[Event "Open Sud 2010/2011"]
[Site "Marseille Echecs"]
[Date "2011.01.08"]
[Round "4"]
[White "Potratz, Yannick"]
[Black "Savalle, Nicolas"]
[Result "0-1"]
[WhiteElo "1009"]
[BlackElo "1480"]
[PlyCount "118"]
[EventDate "2011.??.??"]

1. e4 Nf6 2. e5 Nd5 3. c4 Nb6 4. b3 Nc6 5. Nf3 d6 6. exd6 exd6 7. Bb2 Qe7+ 8.
Qe2 Qxe2+ 9. Bxe2 Bg4 10. O-O O-O-O 11. a4 Nd7 12. d4 Re8 13. Bd1 Nf6 14. Nbd2
d5 15. c5 g6 16. Bc3 Bg7 17. Bc2 Bxf3 18. Nxf3 Ne4 19. Bb2 f5 20. Bxe4 fxe4 21.
Nd2 Bxd4 22. Bxd4 Nxd4 23. Rab1 e3 24. fxe3 Rxe3 25. b4 Rhe8 26. Rfd1 Kd8 27.
Nf1 Rb3 28. Rxb3 Nxb3 29. Rb1 Nd4 30. Rd1 Nc6 31. b5 Ne7 32. Ne3 c6 33. Ng4 a6
34. bxc6 bxc6 35. Nf6 Rh8 36. Kf2 Ng8 37. Ng4 Ne7 38. Nf6 Rf8 39. Ke3 Rxf6 40.
Kd4 Rf4+ 41. Ke5 Rxa4 42. Kd6 Ke8 43. Re1 Re4 44. Ra1 Re2 45. Rxa6 Rxg2 46.
Ra8+ Nc8+ 47. Kxc6 d4 48. Kb7 Rb2+ 49. Kc6 d3 50. Ra1 Rc2 51. Rd1 d2 52. Kb7
Ne7 53. h3 Kd7 54. Kb6 Ke6 55. Kb5 Nf5 56. Kb4 Ne3 57. Kb3 Kd5 58. c6 Kxc6 59.
h4 Kd5 0-1

[Event "Open Sud 2010/2011"]
[Site "Marseille Echecs"]
[Date "2011.01.08"]
[Round "4"]
[White "Ouahhoud, Yassine"]
[Black "Lepretre, Thierry"]
[Result "1-0"]
[WhiteElo "1430"]
[BlackElo "1080"]
[PlyCount "29"]
[EventDate "2011.??.??"]

1. e4 e5 2. Nf3 f6 3. d4 Nc6 4. d5 Nd4 5. Nxd4 exd4 6. Qxd4 c5 7. dxc6 bxc6 8.
Bc4 Qe7 9. O-O Nh6 10. Bxh6 gxh6 11. Nc3 Rg8 12. Bxg8 Ba6 13. Rfd1 Qg7 14. Na4
Qxg8 15. Qxd7# 1-0

[Event "Open Sud 2010/2011"]
[Site "?"]
[Date "2011.02.12"]
[Round "4"]
[White "Bertrand, Nicolas"]
[Black "Derobert, Yves"]
[Result "1-0"]
[WhiteElo "1230"]
[BlackElo "1499"]
[PlyCount "97"]
[EventDate "2011.??.??"]

1. d4 d6 2. e4 Nf6 3. Nc3 g6 4. Nf3 Bg7 5. Bc4 O-O 6. O-O a6 7. a3 Bd7 8. Bg5
c5 9. dxc5 dxc5 10. Qd2 Qb6 11. Rab1 Nc6 12. Bxf6 exf6 13. Qxd7 Rad8 14. Qg4
Na5 15. Bd5 Qc7 16. Qg3 Rd7 17. Qxc7 Rxc7 18. Rfd1 b5 19. b3 b4 20. Ne2 Re8 21.
axb4 cxb4 22. Rd2 Rd8 23. Bxf7+ Kxf7 24. Rxd8 Nb7 25. Rd2 Nc5 26. Rbd1 g5 27.
Rd5 Nxe4 28. Rd7+ Rxd7 29. Rxd7+ Kg6 30. Rd4 f5 31. Rxb4 a5 32. Rb5 Nc3 33.
Nxc3 Bxc3 34. Ne5+ Kf6 35. Nc4 g4 36. Nxa5 h5 37. Nc4 Ke6 38. Kf1 h4 39. Ke2
Bd4 40. Ne3 Be5 41. Rc5 Bxh2 42. Rxf5 g3 43. fxg3 Bxg3 44. Rd5 Bf4 45. Rd3 Bg5
46. b4 Ke5 47. Rd5+ Kf4 48. Rxg5 Kxg5 49. b5 1-0

[Event "Open Sud 2010/2011"]
[Site "Marseille Echecs 7 rue Papety"]
[Date "2011.02.12"]
[Round "5"]
[White "Panagiotopoulos, Christos"]
[Black "Moulin, Gerard"]
[Result "1-0"]
[WhiteElo "1670"]
[BlackElo "1440"]
[PlyCount "71"]
[EventDate "2011.??.??"]

1. e4 d6 2. d4 Nf6 3. Bd3 g6 4. c3 Bg7 5. f4 Bg4 6. Nf3 Nbd7 7. O-O e5 8. h3
Bxf3 9. Qxf3 Qe7 10. b4 c6 11. Be3 Nb6 12. Nd2 Nfd7 13. a4 f6 14. a5 Nc8 15.
Bc4 b5 16. Bb3 Bh6 17. g4 Nf8 18. fxe5 Bxe3+ 19. Qxe3 dxe5 20. dxe5 Qxe5 21.
Kg2 Nd6 22. Nf3 Qe7 23. e5 Nc4 24. Qe4 Qe6 25. Bxc4 bxc4 26. Nd4 Qd5 27. Qxd5
cxd5 28. exf6 Kd7 29. Rae1 Re8 30. Rxe8 Kxe8 31. Re1+ Kf7 32. Re7+ Kxf6 33.
Rxa7 Ne6 34. Ra6 Re8 35. Rxe6+ Rxe6 36. Nxe6 1-0

[Event "Open Sud 2010/2011"]
[Site "Marseille Echecs 7 rue Papety"]
[Date "2011.02.12"]
[Round "5"]
[White "Ouahhoud, Amine"]
[Black "Tchifteyan, Philippe"]
[Result "0-1"]
[WhiteElo "1410"]
[BlackElo "1674"]
[PlyCount "120"]
[EventDate "2011.??.??"]

1. d4 d5 2. c4 c6 3. Nc3 e6 4. Nf3 Nf6 5. Bg5 Nbd7 6. e3 Be7 7. Qc2 O-O 8. cxd5
exd5 9. Bd3 h6 10. Bh4 a6 11. O-O Re8 12. Rfe1 Nh5 13. Bxe7 Rxe7 14. Na4 Nhf6
15. Nc5 Nxc5 16. Qxc5 Ne4 17. Bxe4 dxe4 18. Nd2 f5 19. Nc4 Be6 20. Nd6 Qd7 21.
Nc4 Bxc4 22. Qxc4+ Kh7 23. Red1 Rd8 24. Rac1 Re6 25. Qc5 Rd6 26. a4 g5 27. Rd2
Rd5 28. Qc2 Qe6 29. g3 f4 30. Rf1 f3 31. Kh1 h5 32. Rg1 Kh6 33. Qb3 Qd7 34. Qc4
c5 35. Rgd1 b5 36. axb5 axb5 37. Qc2 Qe7 38. b3 cxd4 39. Rxd4 Rxd4 40. Rxd4
Rxd4 41. exd4 Qe6 42. Qd1 Qd5 43. Kg1 h4 44. Kh1 hxg3 45. hxg3 g4 46. Kg1 Kg6
47. Kf1 Qh5 48. Kg1 Qh3 49. Qf1 Qxf1+ 50. Kxf1 Kf5 51. Ke1 Ke6 52. Kd2 b4 53.
Ke3 Kd5 54. Kf4 Kxd4 55. Kxg4 Kd3 56. Kf4 Ke2 57. g4 Kxf2 58. g5 Ke2 59. g6 f2
60. g7 f1=Q+ 0-1

[Event "Open Sud 2010/2011"]
[Site "Marseille Echecs 7 rue Papety"]
[Date "2011.02.12"]
[Round "5"]
[White "Mohammed, Gibran"]
[Black "Danielian, Kevin"]
[Result "0-1"]
[WhiteElo "1400"]
[BlackElo "1500"]
[PlyCount "78"]
[EventDate "2011.??.??"]

1. e4 e6 2. d4 d5 3. exd5 exd5 4. Nf3 Nf6 5. Bd3 Be7 6. O-O O-O 7. Bf4 Bg4 8.
h3 Bxf3 9. Qxf3 Bd6 10. Bg5 Nbd7 11. Nc3 c6 12. Ne2 Qc7 13. Bf4 Bxf4 14. Nxf4
Rab8 15. Nh5 Nxh5 16. Qxh5 Nf6 17. Qg5 Qb6 18. Rab1 Qxd4 19. Rfd1 Qb6 20. Re1
Rfe8 21. b3 Qa5 22. Re5 Qxa2 23. Rc1 Qb2 24. Rf5 Qc3 25. Rf3 Re1+ 26. Bf1 Qe5
27. Rxe1 Qxg5 28. Rg3 Qd2 29. Rge3 Qxc2 30. Bd3 Qc5 31. Rb1 Re8 32. Rg3 Qb4 33.
Kf1 h5 34. Rc1 Ne4 35. Bxe4 Rxe4 36. Rg5 Qd2 37. Rb1 Qxg5 38. f3 Qf5 39. Kf2
Re2+ 0-1

[Event "Open Sud 2010/2011"]
[Site "Marseille Echecs 7 rue Papety"]
[Date "2011.02.12"]
[Round "5"]
[White "Deregnaucourt, Yves"]
[Black "Cheraki, Roger"]
[Result "0-1"]
[WhiteElo "1785"]
[BlackElo "1610"]
[PlyCount "106"]
[EventDate "2011.??.??"]

1. e4 e6 2. d4 d5 3. Nc3 Bb4 4. e5 Bd7 5. a3 Bxc3+ 6. bxc3 c5 7. Nf3 Qc7 8. Be2
Nc6 9. O-O Nge7 10. a4 a5 11. Ba3 cxd4 12. Bd6 Qd8 13. cxd4 Nf5 14. Ba3 Rc8 15.
c3 Nce7 16. Rc1 Ng6 17. c4 Nf4 18. Re1 Nxe2+ 19. Rxe2 dxc4 20. Rd2 h5 21. d5
Rh6 22. dxe6 Rxe6 23. Qc2 g6 24. Rcd1 Rc7 25. Qe4 c3 26. Rd5 c2 27. Rc1 Qc8 28.
Ng5 Rc4 29. Qd3 Rb6 30. Nxf7 Rb1 31. Rxd7 Qxd7 32. Qxc4 Qd1+ 33. Qf1 Nd4 34.
Nd6+ Kd7 35. g3 Ne2+ 36. Kg2 Rxc1 37. Bxc1 Qd5+ 38. f3 Nxc1 39. Nxb7 Qd2+ 40.
Kh3 Ne2 41. Nc5+ Ke7 42. Nb3 Qd3 43. Qf2 Qxb3 44. Qa7+ Ke6 45. Qa6+ Kf7 46.
Qf6+ Ke8 47. Qc6+ Kd8 48. Qd6+ Kc8 49. Qc6+ Kd8 50. Qd6+ Ke8 51. Qc6+ Kf8 52.
Qc8+ Kg7 53. e6 Nf4+ 0-1

[Event "Open Sud 2010/2011"]
[Site "Marseille Echecs 7 rue Papety"]
[Date "2011.02.12"]
[Round "5"]
[White "Fenoul, Julien"]
[Black "Ouahhoud, Yassine"]
[Result "1-0"]
[WhiteElo "1710"]
[BlackElo "1430"]
[PlyCount "35"]
[EventDate "2011.??.??"]

1. e4 c5 2. f4 e6 3. b3 a6 4. Bb2 d6 5. Nf3 Nd7 6. Bd3 b5 7. c4 b4 8. Bc2 Bb7
9. d4 Qa5 10. d5 Be7 11. Bxg7 Bf6 12. Bxf6 Ngxf6 13. dxe6 fxe6 14. Qxd6 Kd8 15.
Ne5 Rf8 16. O-O Bxe4 17. Bxe4 Nxe4 18. Qxd7# 1-0

[Event "Open Sud 2010/2011"]
[Site "Marseille Echecs 7 rue Papety"]
[Date "2011.02.12"]
[Round "5"]
[White "Parmeggiani, Marilene"]
[Black "Bossy, Romain"]
[Result "0-1"]
[WhiteElo "1499"]
[BlackElo "1630"]
[PlyCount "68"]
[EventDate "2011.??.??"]

1. c4 e5 2. e4 Nf6 3. d3 Bc5 4. Be3 Qe7 5. h3 Nc6 6. Nf3 Bxe3 7. fxe3 Qb4+ 8.
Qd2 d6 9. Qxb4 Nxb4 10. Kd2 O-O 11. Be2 Nh5 12. g4 Ng3 13. Rc1 Nxe2 14. Kxe2 h5
15. a3 hxg4 16. axb4 gxf3+ 17. Kxf3 Bxh3 18. Nc3 g5 19. Nd5 c6 20. Rh1 g4+ 21.
Kg3 cxd5 22. exd5 f5 23. c5 f4+ 24. exf4 exf4+ 25. Kh4 dxc5 26. bxc5 Kf7 27.
Kg5 Ke7 28. Rae1+ Kd7 29. b4 a6 30. d6 Rae8 31. Re7+ Rxe7 32. dxe7 Kxe7 33.
Re1+ Kd7 34. d4 f3 0-1

[Event "Open Sud 2010/2011"]
[Site "Marseille Echecs 7 rue Papety"]
[Date "2011.02.12"]
[Round "5"]
[White "Savalle, Nicolas"]
[Black "Avedissian, Andre"]
[Result "1/2-1/2"]
[WhiteElo "1440"]
[BlackElo "1570"]
[PlyCount "96"]
[EventDate "2011.??.??"]

1. d4 Nf6 2. Nf3 g6 3. Bg5 Bg7 4. e3 O-O 5. Nbd2 h6 6. Bh4 d5 7. Be2 Nbd7 8. c4
c6 9. Bd3 Qe8 10. O-O e5 11. Bxf6 Bxf6 12. cxd5 cxd5 13. dxe5 Nxe5 14. Nxe5
Bxe5 15. Rb1 b6 16. f4 Bg7 17. Re1 Bb7 18. Qf3 f5 19. Bc4 Qc6 20. Bb3 Kh7 21.
Rec1 Qd7 22. Qe2 Rac8 23. Nf3 Rxc1+ 24. Rxc1 Re8 25. Re1 d4 26. Qc4 Rc8 27. Qd3
Be4 28. Qd1 d3 29. Qd2 a5 30. Rc1 Rxc1+ 31. Qxc1 Bxf3 32. gxf3 d2 33. Qc2 b5
34. Qb1 a4 35. Bc2 b4 36. b3 a3 37. Kf2 Bb2 38. Qd1 Bc1 39. Kg2 Qg7 40. h4 g5
41. hxg5 hxg5 42. fxg5 Qxg5+ 43. Kf2 Qh4+ 44. Kf1 Kg6 45. e4 f4 46. Qe2 Qh1+
47. Kf2 Qh2+ 48. Kf1 Qh1+ 1/2-1/2

[Event "Open Sud 2010/2011"]
[Site "Marseille Echecs 7 rue Papety"]
[Date "2011.02.12"]
[Round "5"]
[White "Andrieu, Luc"]
[Black "Derige, Yan"]
[Result "0-1"]
[WhiteElo "1499"]
[BlackElo "1380"]
[PlyCount "106"]
[EventDate "2011.??.??"]

1. d4 d5 2. c4 e6 3. Nc3 Nf6 4. Bg5 Be7 5. e3 Nbd7 6. Nf3 O-O 7. Bd3 h6 8. Bh4
b6 9. Qc2 Bb7 10. cxd5 exd5 11. O-O-O c5 12. Qe2 c4 13. Bc2 Bc6 14. e4 Re8 15.
exd5 Nxd5 16. Bxe7 Rxe7 17. Qxc4 Nxc3 18. Qxc3 Rc8 19. Qa3 Nf6 20. Kb1 Rec7 21.
Bf5 Be4+ 22. Bxe4 Nxe4 23. Rhf1 Qd7 24. h3 Qc6 25. Qe3 Qc2+ 26. Ka1 Nxf2 27.
Rb1 Nd3 28. Qd2 Qxd2 29. Nxd2 Nb4 30. a3 Nc2+ 31. Ka2 Nxd4 32. Rf2 Rc1 33. Rxc1
Rxc1 34. Nb3 Rc2 35. Rxc2 Nxc2 36. Nc1 Ne3 37. g3 Kh7 38. Kb3 Kg6 39. Ka4 a6
40. Kb4 Kg5 41. Kc3 h5 42. Kd4 Nf5+ 43. Kd5 Nxg3 44. Kc6 f5 45. Kxb6 f4 46.
Kxa6 f3 47. Nd3 Ne4 48. b4 Kf5 49. b5 Nc5+ 50. Ka7 Nxd3 51. b6 Nc5 52. a4 f2
53. a5 f1=Q 0-1

[Event "Open Sud 2010/2011"]
[Site "Marseille Echecs 7 rue Papety"]
[Date "2011.02.12"]
[Round "5"]
[White "De Albera, Pierre"]
[Black "Kaftandjian, Patrick"]
[Result "1-0"]
[WhiteElo "1400"]
[BlackElo "1499"]
[PlyCount "55"]
[EventDate "2011.??.??"]

1. d4 Nf6 2. Nf3 e6 3. g3 d5 4. Bg2 Nc6 5. O-O Bd6 6. Bg5 O-O 7. Nbd2 Re8 8. c4
b6 9. cxd5 exd5 10. Nb1 Ba6 11. Re1 h6 12. Bxf6 Qxf6 13. Nc3 Ne7 14. e3 Bb7 15.
a3 a6 16. Qb3 c5 17. Qxb6 Bc6 18. Nxd5 Bxd5 19. dxc5 Reb8 20. Qxd6 Qxd6 21.
cxd6 Nf5 22. Red1 Be6 23. Ne5 Rxb2 24. Bxa8 Rb8 25. Bd5 Bxd5 26. Rxd5 f6 27. d7
Rd8 28. Nc6 1-0

[Event "Open Sud 2010/2011"]
[Site "Marseille Echecs 7 rue Papety"]
[Date "2011.02.12"]
[Round "5"]
[White "Druel, Patrice"]
[Black "Bertrand, Nicolas"]
[Result "1-0"]
[WhiteElo "1270"]
[BlackElo "1230"]
[PlyCount "147"]
[EventDate "2011.??.??"]

1. d4 d5 2. Nf3 Nc6 3. e3 Nf6 4. Nc3 Bf5 5. h3 e6 6. Be2 Bb4 7. Bd2 O-O 8. O-O
Ne4 9. Nxe4 Bxe4 10. c3 Bd6 11. g3 Qf6 12. h4 h6 13. Nh2 Qg6 14. Bh5 Qf6 15.
Ng4 Qf5 16. Nh2 Qh3 17. Bf3 Qf5 18. Bxe4 Qxe4 19. f3 Qd3 20. Ng4 Bxg3 21. Nf2
Qg6 22. Kh1 Bxh4 23. f4 Ne7 24. Rg1 Qf6 25. Ng4 Qg6 26. Ne5 Qe4+ 27. Rg2 Rfd8
28. Qg4 Nf5 29. Kh2 Bf6 30. Rag1 Qc2 31. Bc1 Qa4 32. a3 Qe8 33. Qh3 Qe7 34. Ng4
Bh4 35. Nxh6+ Nxh6 36. Rxg7+ Kh8 37. Qf3 Rg8 38. Qh5 Qf6 39. R1g4 Rxg7 40. Rxh4
Qg6 41. Qg5 Qxg5 42. fxg5 Rxg5 43. Rxh6+ Kg7 44. Rh3 Rh8 45. e4 Rxh3+ 46. Kxh3
dxe4 47. Bxg5 f6 48. Be3 Kg6 49. Kg4 f5+ 50. Kf4 Kf6 51. c4 c6 52. c5 a6 53. b4
Kf7 54. Ke5 Ke7 55. Bg5+ Kd7 56. a4 Kc7 57. Kxe6 b6 58. Bf4+ Kb7 59. Kxf5 bxc5
60. bxc5 Kc8 61. Kxe4 Kd7 62. d5 cxd5+ 63. Kxd5 Kd8 64. Kc6 Kc8 65. Kb6 Kd7 66.
c6+ Kc8 67. c7 a5 68. Kxa5 Kd7 69. Kb6 Kc8 70. a5 Kd7 71. Kb7 Ke6 72. c8=Q+ Kd5
73. Qf5+ Kd4 74. Qe5+ 1-0

[Event "Open Sud 2010/2011"]
[Site "Marseille Echecs 7 rue Papety"]
[Date "2011.02.12"]
[Round "6"]
[White "Tchifteyan, Philippe"]
[Black "Panagiotopoulos, Christos"]
[Result "0-1"]
[WhiteElo "1674"]
[BlackElo "1670"]
[PlyCount "76"]
[EventDate "2011.??.??"]

1. e4 c5 2. Nf3 d6 3. Bc4 Nf6 4. d3 g6 5. Ng5 e6 6. O-O Bg7 7. f4 O-O 8. Nc3
Nc6 9. g4 Na5 10. f5 Nxc4 11. dxc4 h6 12. Nh3 exf5 13. exf5 Nxg4 14. Qxg4 Bxf5
15. Rxf5 gxf5 16. Qg3 Qf6 17. Nd5 Qe5 18. Nhf4 Kh7 19. c3 Rg8 20. Kf2 Qe4 21.
Qh4 Qc2+ 22. Ne2 f4 23. Bxf4 Rge8 24. Nf6+ Kh8 25. Nxe8 Rxe8 26. Be3 Qf5+ 27.
Qf4 Qe4 28. Rg1 Re6 29. Nc1 Qc2+ 30. Kf3 Rf6 31. Qxf6 Bxf6 32. Bxh6 Qxh2 33.
Be3 Qh3+ 34. Rg3 Qf1+ 35. Ke4 Be5 36. Rf3 Qh1 37. Nd3 f5+ 38. Kxf5 Qxf3+ 0-1